[Event "4. Moscu Open 2008"]
[Site "Moscu RUS"]
[Date "2008.02.06"]
[Round "5.128"]
[White "Alexeev, Alexey"]
[Black "Antipov, Mikhail Al"]
[Result "0-1"]
[WhiteElo "2316"]
[BlackElo "2114"]
[PlyCount "68"]
[EventDate "2008.02.02"]
[EventType "swiss"]
[EventRounds "9"]
[EventCountry "RUS"]
[Source "lmi"]
[SourceDate "2008.02.02"]

1. e4 e6 2. d3 c5 3. Nf3 Nc6 4. g3 d6 5. Bg2 g6 6. O-O Bg7 7. Re1 Nge7 8. Nbd2
O-O 9. Nf1 Rb8 10. h4 b5 11. h5 Nd4 12. hxg6 Nxf3+ 13. Bxf3 hxg6 14. Bg2 b4 15.
Nh2 Nc6 16. Nf3 Nd4 17. Ng5 Bf6 18. f4 Kg7 19. Nh3 e5 20. Rf1 Rh8 21. Nf2 Bh4
22. gxh4 Qxh4 23. Re1 exf4 24. Be3 fxe3 25. Rxe3 Qh2+ 26. Kf1 Qf4 27. Qc1 Nxc2
28. Rf3 Qxc1+ 29. Rxc1 Nd4 30. Rg3 Bd7 31. Nd1 f5 32. Rh3 f4 33. Rxh8 Rxh8 34.
Nf2 g5 0-1

[Event "4. Moscu Open 2008"]
[Site "Moscu RUS"]
[Date "2008.02.06"]
[Round "5.129"]
[White "Lyaskovsky, Valentin"]
[Black "Mingaliev, Ildar"]
[Result "0-1"]
[WhiteElo "2297"]
[BlackElo "1977"]
[PlyCount "58"]
[EventDate "2008.02.02"]
[EventType "swiss"]
[EventRounds "9"]
[EventCountry "RUS"]
[Source "lmi"]
[SourceDate "2008.02.02"]

1. e4 c5 2. Nf3 Nc6 3. d4 cxd4 4. Nxd4 Nf6 5. Nc3 e5 6. Ndb5 d6 7. Bg5 a6 8.
Na3 b5 9. Bxf6 gxf6 10. Nd5 f5 11. c3 Bg7 12. exf5 Bxf5 13. Nc2 O-O 14. Nce3
Be6 15. Bd3 f5 16. Qh5 e4 17. Bc2 Ne5 18. Nf4 Bf7 19. Qxf5 Bg6 20. Qe6+ Bf7 21.
Qh3 d5 22. Ne6 Bxe6 23. Qxe6+ Kh8 24. Rd1 Qh4 25. O-O Rae8 26. Qxd5 Nf3+ 27.
gxf3 Be5 28. Rfe1 Qxh2+ 29. Kf1 exf3 0-1

[Event "4. Moscu Open 2008"]
[Site "Moscu RUS"]
[Date "2008.02.06"]
[Round "5.130"]
[White "Kashlinskaya, Alina"]
[Black "Adlai, Semion"]
[Result "1-0"]
[WhiteElo "2276"]
[BlackElo "2590"]
[PlyCount "61"]
[EventDate "2008.02.02"]
[EventType "swiss"]
[EventRounds "9"]
[EventCountry "RUS"]
[Source "lmi"]
[SourceDate "2008.02.02"]

1. d4 d5 2. c4 e6 3. Nc3 Be7 4. Nf3 Nf6 5. Bg5 h6 6. Bh4 Ne4 7. Bxe7 Qxe7 8. e3
Nd7 9. Bd3 Nxc3 10. bxc3 e5 11. Nd2 e4 12. Bc2 c6 13. O-O Nf6 14. cxd5 cxd5 15.
Ba4+ Kf8 16. c4 Bg4 17. Qb1 Be2 18. Rc1 g5 19. cxd5 Rd8 20. Bc2 Nxd5 21. Bxe4
f5 22. Bxd5 Rxd5 23. Qb3 Rd8 24. Rc5 f4 25. Re1 f3 26. Qc3 Rh7 27. gxf3 Ba6 28.
Rc1 Rf7 29. Rc8 b6 30. Rxd8+ Qxd8 31. Qa3+ 1-0

[Event "4. Moscu Open 2008"]
[Site "Moscu RUS"]
[Date "2008.02.06"]
[Round "5.131"]
[White "Veliev, Gasan"]
[Black "Hudaberdin, Ravil"]
[Result "1-0"]
[WhiteElo "2264"]
[BlackElo "2590"]
[PlyCount "77"]
[EventDate "2008.02.02"]
[EventType "swiss"]
[EventRounds "9"]
[EventCountry "RUS"]
[Source "lmi"]
[SourceDate "2008.02.02"]

1. c4 e5 2. Nc3 Nc6 3. g3 Nf6 4. Bg2 d6 5. d3 a6 6. Bg5 h6 7. Bxf6 Qxf6 8. Nd5
Qd8 9. e3 Ne7 10. Ne2 c6 11. Nxe7 Bxe7 12. Nc3 Be6 13. e4 Qd7 14. O-O Bh3 15.
Re1 Bxg2 16. Kxg2 b5 17. Qf3 Qe6 18. b3 h5 19. h3 h4 20. g4 Bg5 21. Re2 Bf4 22.
Rc2 Qd7 23. Rd1 b4 24. Na4 Qc7 25. d4 c5 26. dxc5 dxc5 27. Rd5 O-O 28. Nxc5 Qe7
29. Nd3 g5 30. c5 Rfd8 31. Nxb4 Rxd5 32. Nxd5 Qd8 33. c6 Rc8 34. c7 Qd6 35. b4
Kg7 36. Qc3 f5 37. Qc5 Qxc5 38. Rxc5 fxg4 39. Ne7 1-0

[Event "4. Moscu Open 2008"]
[Site "Moscu RUS"]
[Date "2008.02.06"]
[Round "5.132"]
[White "Kurilenko, Vladimir"]
[Black "Kanaev, Sergey"]
[Result "1-0"]
[WhiteElo "2129"]
[BlackElo "2314"]
[PlyCount "58"]
[EventDate "2008.02.02"]
[EventType "swiss"]
[EventRounds "9"]
[EventCountry "RUS"]
[Source "lmi"]
[SourceDate "2008.02.02"]

1. e4 e5 2. f4 exf4 3. Nf3 Be7 4. Bc4 Bh4+ 5. Kf1 d6 6. d4 Bg4 7. Bxf4 Nc6 8.
c3 Qe7 9. Nbd2 O-O-O 10. Bd5 Qd7 11. Qa4 Bxf3 12. Nxf3 Qg4 13. Bd2 Nge7 14. h3
Qg3 15. Be1 Qf4 16. Bxh4 f6 17. Qc2 g5 18. Bf2 h5 19. Qd2 Nxd5 20. exd5 Ne7 21.
Qxf4 gxf4 22. c4 Nf5 23. Nh4 Ne3+ 24. Bxe3 fxe3 25. Ke2 Rde8 26. Rhf1 Re4 27.
Nf5 Rg8 28. g3 h4 29. g4 c5 1-0

[Event "4. Moscu Open 2008"]
[Site "Moscu RUS"]
[Date "2008.02.07"]
[Round "6.1"]
[White "Efimenko, Zahar"]
[Black "Volkov, Sergey"]
[Result "1/2-1/2"]
[WhiteElo "2638"]
[BlackElo "2623"]
[PlyCount "79"]
[EventDate "2008.02.02"]
[EventType "swiss"]
[EventRounds "9"]
[EventCountry "RUS"]
[Source "lmi"]
[SourceDate "2008.02.02"]

1. e4 e6 2. d4 d5 3. Nc3 Nf6 4. e5 Nfd7 5. f4 c5 6. Nf3 Nc6 7. Be3 Be7 8. Be2
O-O 9. O-O a6 10. Kh1 b5 11. a3 Bb7 12. Qd2 Rc8 13. dxc5 Nxc5 14. Nd4 Ne4 15.
Nxe4 dxe4 16. Rad1 Nxd4 17. Bxd4 Qd5 18. Bg4 Bc5 19. c3 a5 20. Qe3 b4 21. axb4
axb4 22. f5 bxc3 23. bxc3 Bxd4 24. cxd4 exf5 25. Bxf5 Rcd8 26. Rfe1 g6 27. Bxe4
Qxe4 28. Qxe4 Bxe4 29. Rxe4 Rd5 30. Kg1 Re8 31. Kf2 f6 32. Rde1 fxe5 33. dxe5
Kf7 34. e6+ Kf6 35. h4 Rd6 36. e7 Rd7 37. Kf3 Rdxe7 38. Rxe7 Rxe7 39. Rxe7 Kxe7
40. Kf4 1/2-1/2

[Event "4. Moscu Open 2008"]
[Site "Moscu RUS"]
[Date "2008.02.07"]
[Round "6.2"]
[White "Riazantsev, Alexander"]
[Black "Lastin, Alexander"]
[Result "1/2-1/2"]
[WhiteElo "2628"]
[BlackElo "2604"]
[PlyCount "35"]
[EventDate "2008.02.02"]
[EventType "swiss"]
[EventRounds "9"]
[EventCountry "RUS"]
[Source "lmi"]
[SourceDate "2008.02.02"]

1. d4 d5 2. c4 c6 3. Nf3 Nf6 4. e3 Bf5 5. Nc3 e6 6. Nh4 Be4 7. f3 Bg6 8. g3
Nbd7 9. a3 a6 10. c5 e5 11. b4 Be7 12. Bg2 O-O 13. O-O Qc7 14. Ra2 a5 15. Nxg6
hxg6 16. Rff2 b6 17. Rfc2 Rfb8 18. Bd2 1/2-1/2

[Event "4. Moscu Open 2008"]
[Site "Moscu RUS"]
[Date "2008.02.07"]
[Round "6.4"]
[White "Inarkiev, Ernesto"]
[Black "Kazhgaleyev, Murtas"]
[Result "1-0"]
[WhiteElo "2681"]
[BlackElo "2594"]
[PlyCount "99"]
[EventDate "2008.02.02"]
[EventType "swiss"]
[EventRounds "9"]
[EventCountry "RUS"]
[Source "lmi"]
[SourceDate "2008.02.02"]

1. e4 e5 2. Nf3 Nc6 3. Bb5 a6 4. Ba4 d6 5. O-O Bd7 6. c3 g6 7. d4 Bg7 8. Re1 b5
9. Bb3 Nf6 10. Nbd2 O-O 11. h3 Re8 12. a3 h6 13. Bc2 Nh5 14. Nf1 Nf4 15. Bxf4
exf4 16. Qd2 g5 17. Rad1 Qe7 18. Qd3 Kf8 19. Bb3 Rad8 20. Ba2 Qf6 21. N3h2 h5
22. Qf3 Qh6 23. g4 hxg4 24. Nxg4 Qg6 25. Nfh2 Ne7 26. Qg2 Bc6 27. d5 Bd7 28.
Nf3 Qh5 29. e5 dxe5 30. Ngxe5 Bxe5 31. Nxe5 Bxh3 32. Qh1 Nf5 33. Rd3 g4 34. Qe4
f6 35. d6 Rxe5 36. dxc7 Rde8 37. Qb4+ Ne7 38. Red1 Bg2 39. Kxg2 f3+ 40. Kg3 Rf5
41. Qxe7+ Kxe7 42. Rd7+ Kf8 43. Rh1 Qxh1 44. Rf7+ Kg8 45. Re7+ Kh8 46. Rxe8+
Kg7 47. Rg8+ Kh7 48. Rh8+ Kxh8 49. c8=Q+ Kg7 50. Qg8+ 1-0

[Event "4. Moscu Open 2008"]
[Site "Moscu RUS"]
[Date "2008.02.07"]
[Round "6.6"]
[White "Belov, Vladimir"]
[Black "Timofeev, Artyom"]
[Result "0-1"]
[WhiteElo "2578"]
[BlackElo "2664"]
[PlyCount "176"]
[EventDate "2008.02.02"]
[EventType "swiss"]
[EventRounds "9"]
[EventCountry "RUS"]
[Source "lmi"]
[SourceDate "2008.02.02"]

1. e4 c5 2. Nf3 e6 3. d4 cxd4 4. Nxd4 Nc6 5. Nc3 Qc7 6. g3 a6 7. Bg2 d6 8. O-O
Bd7 9. Re1 Be7 10. Nxc6 Bxc6 11. Qg4 h5 12. Qe2 h4 13. a4 hxg3 14. hxg3 Nf6 15.
Bf4 e5 16. Bg5 Qd7 17. Bxf6 Bxf6 18. Red1 Bd8 19. Qe3 Rc8 20. Rd3 Rh6 21. b3
Ba5 22. Nd5 Bxd5 23. Rxd5 Bc3 24. Rad1 Bd4 25. R5xd4 exd4 26. Qxd4 Qg4 27. c4
Rc5 28. Rb1 a5 29. Qc3 Kf8 30. b4 axb4 31. Qxb4 Qc8 32. Bf1 Rf6 33. Qxb7 Qxb7
34. Rxb7 Rf3 35. Rd7 Rf6 36. Ra7 Re6 37. Bd3 Ree5 38. Rb7 Ra5 39. Bc2 Rec5 40.
Bb3 Ra8 41. Rb6 Ke7 42. Kf1 Kd7 43. Ke2 Kc7 44. Rb5 Rh8 45. Ke3 Rh1 46. Ba2 Ra1
47. Rb2 Ra5 48. Bb3 Ra8 49. Bc2 Ra3+ 50. Kd2 Rf3 51. Ke2 Rc3 52. Bd3 Rxa4 53.
Rb1 Ra2+ 54. Ke3 Raa3 55. Rd1 Rxc4 56. Rh1 Rcc3 57. Rd1 Kd7 58. Kd4 Ke7 59. Rd2
Rc1 60. Ke3 Rca1 61. Kf4 R1a2 62. Rxa2 Rxa2 63. f3 Kf6 64. Bc4 Ra4 65. Bd5 Rd4
66. Bc6 Ke6 67. Ke3 Rd1 68. Kf4 Rd3 69. Bb7 g6 70. Bc8+ Kf6 71. Bb7 Rd4 72. Bc6
Rb4 73. Kg4 Kg7 74. Kf4 Kh6 75. Bd5 f6 76. Bc6 f5 77. g4 fxe4 78. fxe4 Rb1 79.
Be8 Rf1+ 80. Ke3 Kg5 81. Bd7 Kf6 82. Bb5 Rg1 83. Kf3 Ke5 84. Bc6 Rc1 85. Be8
Rc3+ 86. Ke2 g5 87. Bg6 Kf4 88. Bf5 Re3+ 0-1

[Event "4. Moscu Open 2008"]
[Site "Moscu RUS"]
[Date "2008.02.07"]
[Round "6.10"]
[White "Kobalia, Mikhail"]
[Black "Yemelin, Vasily"]
[Result "1/2-1/2"]
[WhiteElo "2623"]
[BlackElo "2562"]
[PlyCount "91"]
[EventDate "2008.02.02"]
[EventType "swiss"]
[EventRounds "9"]
[EventCountry "RUS"]
[Source "lmi"]
[SourceDate "2008.02.02"]

1. e4 e5 2. Nf3 Nc6 3. Bc4 Nf6 4. d3 Be7 5. O-O O-O 6. Bb3 d6 7. c3 Na5 8. Bc2
c5 9. a3 Nc6 10. b4 Be6 11. Nbd2 b5 12. Rb1 a6 13. Re1 Nd7 14. Nf1 Nb6 15. Ne3
Bf6 16. Bb2 cxb4 17. cxb4 d5 18. d4 exd4 19. Nxd4 Nxd4 20. Bxd4 Bxd4 21. Qxd4
dxe4 22. Qxe4 g6 23. Qf4 Nc4 24. Be4 Ra7 25. Nxc4 Bxc4 26. Rbd1 Rd7 27. Bf3 Re8
28. h4 Rxe1+ 29. Rxe1 h5 30. Kh2 Kg7 31. Qe5+ Qf6 32. Kg3 Qxe5+ 33. Rxe5 Rd3
34. Re3 Rd6 35. Bb7 Kf6 36. f3 Rb6 37. Bc8 Rc6 38. Re8 Rd6 39. Kf4 Rd3 40. Re3
Rd4+ 41. Re4 Rd3 42. Re3 Rd4+ 43. Kg3 Rd6 44. Kf4 Rd4+ 45. Re4 Rd3 46. Re3
1/2-1/2

[Event "4. Moscu Open 2008"]
[Site "Moscu RUS"]
[Date "2008.02.07"]
[Round "6.11"]
[White "Kuzubov, Yuriy"]
[Black "Zherebukh, Yaroslav"]
[Result "1/2-1/2"]
[WhiteElo "2606"]
[BlackElo "2420"]
[PlyCount "48"]
[EventDate "2008.02.02"]
[EventType "swiss"]
[EventRounds "9"]
[EventCountry "RUS"]
[Source "lmi"]
[SourceDate "2008.02.02"]

1. Nf3 Nf6 2. c4 c5 3. g3 Nc6 4. Bg2 d5 5. cxd5 Nxd5 6. Nc3 Nc7 7. O-O e5 8. d3
Be7 9. a3 O-O 10. Be3 f6 11. Rc1 Nd4 12. Nd2 Rb8 13. a4 Nf5 14. Nc4 Nxe3 15.
fxe3 Be6 16. Nb5 a6 17. Nxc7 Qxc7 18. a5 Bxc4 19. dxc4 f5 20. Bd5+ Kh8 21. Ra1
e4 22. Kg2 Rf6 23. Ra3 Bd6 24. Rb3 Be7 1/2-1/2

[Event "4. Moscu Open 2008"]
[Site "Moscu RUS"]
[Date "2008.02.07"]
[Round "6.12"]
[White "Popov, Ivan"]
[Black "Novikov, Stanislav"]
[Result "1-0"]
[WhiteElo "2590"]
[BlackElo "2545"]
[PlyCount "57"]
[EventDate "2008.02.02"]
[EventType "swiss"]
[EventRounds "9"]
[EventCountry "RUS"]
[Source "lmi"]
[SourceDate "2008.02.02"]

1. e4 c5 2. Nf3 Nc6 3. Nc3 d6 4. d4 cxd4 5. Nxd4 Nf6 6. Bc4 e6 7. Be3 a6 8. Qe2
Na5 9. Bd3 b5 10. b4 Nc4 11. O-O Bb7 12. a4 Nxe3 13. Qxe3 bxa4 14. Rxa4 Be7 15.
Rfa1 Qc8 16. b5 axb5 17. Bxb5+ Kf8 18. Rxa8 Bxa8 19. e5 dxe5 20. Qxe5 g6 21.
Ra7 Bb7 22. h3 h5 23. Na4 Kg7 24. Ba6 Bxa6 25. Rxe7 Bc4 26. Nc5 Re8 27. Ncxe6+
Bxe6 28. Nxe6+ Qxe6 29. Qxe6 1-0

[Event "4. Moscu Open 2008"]
[Site "Moscu RUS"]
[Date "2008.02.07"]
[Round "6.13"]
[White "Malakhov, Vladimir"]
[Black "Krylov, Mikhail"]
[Result "1-0"]
[WhiteElo "2689"]
[BlackElo "2371"]
[PlyCount "179"]
[EventDate "2008.02.02"]
[EventType "swiss"]
[EventRounds "9"]
[EventCountry "RUS"]
[Source "lmi"]
[SourceDate "2008.02.02"]

1. c4 e5 2. Nc3 Nc6 3. Nf3 Bb4 4. g3 f5 5. Nd5 d6 6. Qa4 Bc5 7. b4 Bb6 8. Nxb6
cxb6 9. b5 Nce7 10. Qb4 Nh6 11. d4 e4 12. Ng5 Ng6 13. Bg2 O-O 14. O-O Nf7 15.
Nxf7 Rxf7 16. f3 d5 17. cxd5 Qxd5 18. fxe4 fxe4 19. Rxf7 Kxf7 20. Be3 Bg4 21.
Qb3 Qxb3 22. axb3 Bxe2 23. Bxe4 Re8 24. Bd5+ Kf6 25. Kf2 Bxb5 26. Rxa7 Bc6 27.
Bxc6 bxc6 28. d5 cxd5 29. Bxb6 Ne5 30. Bd4 Kg6 31. h3 h5 32. Rb7 Nd3+ 33. Kf1
Re4 34. Ba7 h4 35. gxh4 Rxh4 36. Ke2 Rxh3 37. b4 Nxb4 38. Rxb4 Kf5 39. Rd4 Ra3
40. Bc5 Rc3 41. Bf8 g6 42. Rxd5+ Kf6 43. Bh6 Rb3 44. Be3 Ke6 45. Ra5 Rb4 46.
Kd3 Rg4 47. Bd4 Rg2 48. Kc4 Re2 49. Rg5 Kf7 50. Kd5 Ra2 51. Rg1 Ra5+ 52. Ke4
Rb5 53. Ra1 Rf5 54. Ra7+ Ke6 55. Ra6+ Kf7 56. Be5 Rf1 57. Kd5 g5 58. Ke4 Rf2
59. Bd4 Rf1 60. Be3 Rf6 61. Ra5 g4 62. Bf4 Re6+ 63. Kf5 Re7 64. Ra6 Rb7 65. Rh6
Rd7 66. Be5 g3 67. Bxg3 Kg7 68. Rg6+ Kf7 69. Be5 Re7 70. Bd6 Rd7 71. Rf6+ Kg7
72. Bf8+ Kg8 73. Ke6 Ra7 74. Rf1 Ra2 75. Bd6 Rg2 76. Be5 Kh7 77. Kf5 Kg8 78.
Kf6 Rg6+ 79. Ke7 Kh7 80. Kf7 Rg7+ 81. Kf6 Rg6+ 82. Kf5 Kg8 83. Ra1 Rb6 84. Ra7
Kf8 85. Bf6 Rb3 86. Kg6 Rg3+ 87. Bg5 Ke8 88. Re7+ Kf8 89. Re1 Rb3 90. Bh6+ 1-0

[Event "4. Moscu Open 2008"]
[Site "Moscu RUS"]
[Date "2008.02.07"]
[Round "6.15"]
[White "Vorobiov, Evgeny E"]
[Black "Miroshnichenko, Evgenij"]
[Result "1/2-1/2"]
[WhiteElo "2537"]
[BlackElo "2647"]
[PlyCount "31"]
[EventDate "2008.02.02"]
[EventType "swiss"]
[EventRounds "9"]
[EventCountry "RUS"]
[Source "lmi"]
[SourceDate "2008.02.02"]

1. e4 c5 2. Nf3 d6 3. d4 cxd4 4. Nxd4 Nf6 5. Nc3 Nc6 6. Bc4 Qb6 7. Nb3 e6 8.
Bf4 Ne5 9. Be2 Bd7 10. g4 Bc6 11. f3 Ng6 12. Bg3 d5 13. exd5 Nxd5 14. Nxd5 Bxd5
15. Qd4 Bb4+ 16. c3 1/2-1/2

[Event "4. Moscu Open 2008"]
[Site "Moscu RUS"]
[Date "2008.02.07"]
[Round "6.17"]
[White "Gasanov, Eldar"]
[Black "Moiseenko, Alexander"]
[Result "0-1"]
[WhiteElo "2541"]
[BlackElo "2643"]
[PlyCount "152"]
[EventDate "2008.02.02"]
[EventType "swiss"]
[EventRounds "9"]
[EventCountry "RUS"]
[Source "lmi"]
[SourceDate "2008.02.02"]

1. e4 c5 2. Nf3 Nc6 3. Bb5 e6 4. O-O Nge7 5. c3 a6 6. Ba4 b5 7. Bc2 Bb7 8. Re1
Rc8 9. a4 Ng6 10. Na3 bxa4 11. Nc4 Be7 12. Rxa4 O-O 13. d4 cxd4 14. Nxd4 Nxd4
15. Qxd4 Bc5 16. Qd1 Qc7 17. Be3 Bxe3 18. Nxe3 Rfd8 19. Rc4 Bc6 20. Qa1 Rb8 21.
Rd1 Rb5 22. Qa3 Rdb8 23. b3 Ra5 24. Qd6 Qxd6 25. Rxd6 Kf8 26. Rd1 Ke7 27. Rcd4
Ra2 28. R4d2 Bb5 29. f3 a5 30. Kf2 Rc8 31. c4 Bc6 32. g3 Rb8 33. Ke2 f6 34. Rb1
Ne5 35. Bd1 Ra3 36. Rc1 d6 37. Rb2 a4 38. Rcb1 axb3 39. Bxb3 Be8 40. Nf1 Nc6
41. Bd1 Nd4+ 42. Kf2 Rxb2+ 43. Rxb2 Bc6 44. Ne3 Kd7 45. Rd2 e5 46. Nf5 Nxf5 47.
exf5 Kc7 48. Be2 e4 49. fxe4 Bxe4 50. Rd4 Bxf5 51. c5 dxc5 52. Rd5 Be4 53.
Rxc5+ Kd6 54. Rc4 Bd5 55. Rd4 Ke5 56. Rd2 g5 57. Bf1 f5 58. Bg2 Be4 59. Re2 Ra4
60. Rd2 h5 61. Rb2 Ra5 62. Re2 Rb5 63. Ra2 Rc5 64. Rd2 Rb5 65. Bf1 Rb3 66. Bg2
h4 67. Re2 Kd4 68. Ra2 hxg3+ 69. hxg3 Bd3 70. Ra4+ Bc4 71. Ra7 Rb2+ 72. Kg1 Bd3
73. Ra5 Ke3 74. g4 fxg4 75. Rxg5 Kf4 76. Rg8 Kg3 0-1

[Event "4. Moscu Open 2008"]
[Site "Moscu RUS"]
[Date "2008.02.07"]
[Round "6.18"]
[White "Naiditsch, Arkadij"]
[Black "Abdulla, Al-Rakib"]
[Result "1-0"]
[WhiteElo "2638"]
[BlackElo "2506"]
[PlyCount "47"]
[EventDate "2008.02.02"]
[EventType "swiss"]
[EventRounds "9"]
[EventCountry "RUS"]
[Source "lmi"]
[SourceDate "2008.02.02"]

1. e4 e5 2. Nf3 Nc6 3. Bb5 a6 4. Ba4 Nf6 5. O-O Be7 6. d3 b5 7. Bb3 d6 8. a4
Rb8 9. axb5 axb5 10. c3 O-O 11. Nbd2 Be6 12. d4 exd4 13. cxd4 Bxb3 14. Nxb3 d5
15. e5 Ne4 16. Ne1 Nb4 17. f3 Ng5 18. Bxg5 Bxg5 19. Nd3 Nxd3 20. Qxd3 Rb6 21.
f4 Be7 22. f5 Kh8 23. Rf3 Bg5 24. Nc5 1-0

[Event "4. Moscu Open 2008"]
[Site "Moscu RUS"]
[Date "2008.02.07"]
[Round "6.19"]
[White "Geller, Jakov"]
[Black "Asrian, Karen"]
[Result "1/2-1/2"]
[WhiteElo "2511"]
[BlackElo "2621"]
[PlyCount "42"]
[EventDate "2008.02.02"]
[EventType "swiss"]
[EventRounds "9"]
[EventCountry "RUS"]
[Source "lmi"]
[SourceDate "2008.02.02"]

1. e4 c6 2. d4 d5 3. exd5 cxd5 4. c3 Nc6 5. Bf4 g6 6. h3 Bg7 7. Nf3 Bf5 8. Bd3
Bxd3 9. Qxd3 Qb6 10. Nbd2 Nf6 11. O-O O-O 12. a4 a6 13. Rfe1 e6 14. Be5 Rfc8
15. Ra2 Qd8 16. Rea1 b6 17. Nb3 Nxe5 18. Nxe5 Ne4 19. Nf3 g5 20. Nbd2 f5 21.
Qe2 Ra7 1/2-1/2

[Event "4. Moscu Open 2008"]
[Site "Moscu RUS"]
[Date "2008.02.07"]
[Round "6.20"]
[White "Nikolenko, Oleg"]
[Black "Guseinov, Gadir"]
[Result "1/2-1/2"]
[WhiteElo "2509"]
[BlackElo "2617"]
[PlyCount "46"]
[EventDate "2008.02.02"]
[EventType "swiss"]
[EventRounds "9"]
[EventCountry "RUS"]
[Source "lmi"]
[SourceDate "2008.02.02"]

1. e4 c5 2. Nf3 g6 3. d4 cxd4 4. Qxd4 Nf6 5. e5 Nc6 6. Qa4 Nd5 7. Qe4 Nc7 8.
Nc3 Bg7 9. Bf4 b5 10. O-O-O b4 11. Nd5 Nxd5 12. Qxd5 Qb6 13. h4 h6 14. Kb1 a5
15. Bc4 e6 16. Qd6 Qb8 17. Qd3 Qc7 18. Bb5 Ne7 19. Qe2 Rb8 20. Ba4 Qc5 21. Be3
Qc7 22. Bf4 Qc5 23. Be3 Qc7 1/2-1/2

[Event "4. Moscu Open 2008"]
[Site "Moscu RUS"]
[Date "2008.02.07"]
[Round "6.21"]
[White "Potkin, Vladimir"]
[Black "Kiselev, Vitaliy"]
[Result "1-0"]
[WhiteElo "2609"]
[BlackElo "2590"]
[PlyCount "69"]
[EventDate "2008.02.02"]
[EventType "swiss"]
[EventRounds "9"]
[EventCountry "RUS"]
[Source "lmi"]
[SourceDate "2008.02.02"]

1. d4 Nf6 2. c4 e6 3. Nc3 Bb4 4. e3 O-O 5. Bd3 d5 6. Nf3 c5 7. O-O Nc6 8. a3
Bxc3 9. bxc3 dxc4 10. Bxc4 Qc7 11. Bb2 e5 12. h3 Bf5 13. Bb5 e4 14. Nd2 Rfd8
15. Qe2 a6 16. Bxc6 bxc6 17. c4 Bg6 18. dxc5 Nd7 19. Bd4 Qa5 20. Nb3 Qa4 21.
Rfb1 Rab8 22. Nd2 Qa5 23. Rxb8 Nxb8 24. Nb3 Qa4 25. Qb2 f6 26. Qc3 Bf5 27. Qa5
Qxa5 28. Nxa5 Nd7 29. Nxc6 Ra8 30. Na5 Rc8 31. Rb1 h5 32. c6 Nb8 33. c7 Nd7 34.
Rb7 Kf8 35. Nc6 1-0

[Event "4. Moscu Open 2008"]
[Site "Moscu RUS"]
[Date "2008.02.07"]
[Round "6.23"]
[White "Smirnov, Pavel"]
[Black "Dvalishvili, Pavel S"]
[Result "1-0"]
[WhiteElo "2599"]
[BlackElo "2500"]
[PlyCount "61"]
[EventDate "2008.02.02"]
[EventType "swiss"]
[EventRounds "9"]
[EventCountry "RUS"]
[Source "lmi"]
[SourceDate "2008.02.02"]

1. e4 c5 2. Nf3 e6 3. d4 cxd4 4. Nxd4 a6 5. Bd3 Qc7 6. O-O d6 7. c4 Nd7 8. Nc3
Ngf6 9. f4 g6 10. f5 exf5 11. exf5 Bg7 12. Qe2+ Ne5 13. Kh1 O-O 14. Bg5 Qb6 15.
Rf4 Nh5 16. Rh4 Nxd3 17. Qxd3 Bxd4 18. Rxd4 Bxf5 19. Qd2 Be6 20. Ne4 f6 21.
Rxd6 Qc7 22. Bh6 Rfd8 23. c5 Rxd6 24. cxd6 Qc4 25. Re1 Rd8 26. Qa5 Rb8 27. Nc5
b6 28. Qxa6 Qh4 29. Nd3 Ng3+ 30. Kg1 Ne4 31. Qa7 1-0

[Event "4. Moscu Open 2008"]
[Site "Moscu RUS"]
[Date "2008.02.07"]
[Round "6.24"]
[White "Yakovich, Yuri"]
[Black "Zabotin, Alexander"]
[Result "0-1"]
[WhiteElo "2595"]
[BlackElo "2495"]
[PlyCount "108"]
[EventDate "2008.02.02"]
[EventType "swiss"]
[EventRounds "9"]
[EventCountry "RUS"]
[Source "lmi"]
[SourceDate "2008.02.02"]

1. e4 c5 2. Nc3 Nc6 3. Nf3 d6 4. d4 cxd4 5. Nxd4 Nf6 6. Bg5 e6 7. Qd2 a6 8.
O-O-O h6 9. Nxc6 bxc6 10. Bf4 d5 11. Qe3 Be7 12. Be2 O-O 13. h4 Re8 14. g4 Nd7
15. Qg3 e5 16. Bd2 Nc5 17. g5 d4 18. gxh6 Bf6 19. hxg7 dxc3 20. Bxc3 Qe7 21.
Qe3 Kh7 22. Rdg1 Ne6 23. Bd2 Nf4 24. Qf3 Bxg7 25. Bxf4 exf4 26. Qh5+ Bh6 27.
Bd3 Rd8 28. Rg5 Rxd3 29. cxd3 Be6 30. Rhg1 Qf8 31. Qf3 Rd8 32. Rh5 f6 33. Qxf4
Rxd3 34. Kb1 Rd7 35. e5 Rf7 36. Qe4+ f5 37. Qxc6 Re7 38. Qc1 Bxa2+ 39. Ka1 Bf7
40. Rhg5 Rxe5 41. Qc7 Qe8 42. b3 Bxg5 43. hxg5 Re1+ 44. Kb2 Rxg1 45. Qh2+ Kg8
46. Qxg1 Qe2+ 47. Kc3 Qe5+ 48. Kc2 Qe2+ 49. Kc3 Qf3+ 50. Kd4 Qxb3 51. Qh2 Qc4+
52. Ke3 Qe6+ 53. Kd2 a5 54. Qb8+ Qe8 0-1

[Event "4. Moscu Open 2008"]
[Site "Moscu RUS"]
[Date "2008.02.07"]
[Round "6.25"]
[White "Kurnosov, Igor"]
[Black "Tarlev, Konstantin"]
[Result "1-0"]
[WhiteElo "2577"]
[BlackElo "2492"]
[PlyCount "59"]
[EventDate "2008.02.02"]
[EventType "swiss"]
[EventRounds "9"]
[EventCountry "RUS"]
[Source "lmi"]
[SourceDate "2008.02.02"]

1. e4 e5 2. Nf3 Nc6 3. Bb5 a6 4. Ba4 d6 5. c3 g6 6. d4 Bd7 7. O-O Bg7 8. Re1
Nh6 9. Bxc6 Bxc6 10. dxe5 dxe5 11. Qxd8+ Rxd8 12. Nxe5 Ba4 13. Bf4 O-O 14. Nf3
Rd7 15. Nbd2 Re8 16. e5 Bc6 17. Ne4 Ng4 18. h3 f5 19. e6 Rde7 20. Nc5 Nf6 21.
Nd4 Bd5 22. Rad1 Bxa2 23. Nxb7 Ne4 24. Nd8 Bxd4 25. Rxd4 c5 26. Ra4 Bb3 27. Ra3
Bd5 28. Rd1 Rxd8 29. c4 Rde8 30. cxd5 1-0

[Event "4. Moscu Open 2008"]
[Site "Moscu RUS"]
[Date "2008.02.07"]
[Round "6.26"]
[White "Ivanov, Victor L"]
[Black "Evdokimov, Alexander A"]
[Result "1/2-1/2"]
[WhiteElo "2495"]
[BlackElo "2569"]
[PlyCount "88"]
[EventDate "2008.02.02"]
[EventType "swiss"]
[EventRounds "9"]
[EventCountry "RUS"]
[Source "lmi"]
[SourceDate "2008.02.02"]

1. e4 c5 2. c3 g6 3. d4 cxd4 4. cxd4 d5 5. e5 Nc6 6. Nc3 f6 7. exf6 Nxf6 8. Bb5
Bg7 9. h3 O-O 10. Nf3 Nh5 11. Bxc6 bxc6 12. O-O Qd6 13. Re1 Nf4 14. Bxf4 Rxf4
15. Ne5 Be6 16. Rc1 Rf5 17. f4 Rc8 18. Na4 Rxf4 19. Nc5 Bf5 20. Qd2 Bh6 21. Qc3
Qf6 22. Rcd1 Qg5 23. Re2 Qh4 24. Rde1 Rf8 25. Nxc6 Be4 26. Ne6 Rf3 27. Nxe7+
Qxe7 28. gxf3 Bxf3 29. Nxf8 Qg5+ 30. Kf1 Qf5 31. Rh2 Bxf8 32. Re5 Qb1+ 33. Kf2
Be4 34. Rg2 Qh1 35. Rxe4 dxe4 36. Qc4+ Kh8 37. Qc8 Kg7 38. Qb7+ Kg8 39. Qd5+
Kg7 40. Qb7+ Kg8 41. Qxe4 Qxh3 42. d5 Qh5 43. b4 Qd1 44. Rg4 Qd2+ 1/2-1/2

[Event "4. Moscu Open 2008"]
[Site "Moscu RUS"]
[Date "2008.02.07"]
[Round "6.27"]
[White "Kharitonov, Andrei  V"]
[Black "Sjugirov, Sanan"]
[Result "1-0"]
[WhiteElo "2569"]
[BlackElo "2491"]
[PlyCount "103"]
[EventDate "2008.02.02"]
[EventType "swiss"]
[EventRounds "9"]
[EventCountry "RUS"]
[Source "lmi"]
[SourceDate "2008.02.02"]

1. Nf3 Nf6 2. c4 g6 3. Nc3 Bg7 4. e4 d6 5. d4 O-O 6. Be2 e5 7. O-O Nc6 8. Be3
Re8 9. dxe5 dxe5 10. c5 Bg4 11. Bb5 Qxd1 12. Rfxd1 Bxf3 13. gxf3 Red8 14. Bxc6
bxc6 15. b3 Nh5 16. Rxd8+ Rxd8 17. Rd1 Rxd1+ 18. Nxd1 Nf4 19. Nb2 Kf8 20. Bxf4
exf4 21. Nd3 Bd4 22. Nxf4 Bxc5 23. Nd3 Bd6 24. f4 Ke7 25. Kg2 Ke6 26. Kf3 f6
27. Ke3 h5 28. h3 Bf8 29. Kd4 f5 30. f3 Kd6 31. Kc4 Bg7 32. a4 Ke6 33. Kc5 fxe4
34. fxe4 Kd7 35. e5 Bf8+ 36. Kd4 Ke6 37. Ke4 Be7 38. Ne1 c5 39. Nc2 Bf8 40. Ne3
Be7 41. f5+ gxf5+ 42. Nxf5 Bf8 43. Nh4 Bh6 44. Ng6 Bg5 45. Nf4+ Bxf4 46. Kxf4
h4 47. Ke4 a5 48. Kf4 c6 49. Ke4 Ke7 50. Kf5 Kf7 51. e6+ Ke7 52. Ke5 1-0